Nová generácia nástrojov pre manažérov a podnikových analytikov
Stručné vymedzenie novej generácie nástrojov pre manažérov a podnikových analytikov a prezentácia hlavných výhod a možností využitia týchto nástrojov v slovenských podmienkach.
Na minha lista:
| Autor principal: | |
|---|---|
| Formato: | Capítulo de Livro |
| Idioma: | inglês |
| Assuntos: | |
| Tags: |
Sem tags, seja o primeiro a adicionar uma tag!
|
MARC
| LEADER | 00000naa$a2200000$$$4500 | ||
|---|---|---|---|
| 001 | 0100252 | ||
| 005 | 20240502072111.4 | ||
| 041 | 0 | |a eng | |
| 044 | |a SK | ||
| 245 | 1 | 0 | |a Nová generácia nástrojov pre manažérov a podnikových analytikov |c Štefan Čarnický |
| 520 | |a Stručné vymedzenie novej generácie nástrojov pre manažérov a podnikových analytikov a prezentácia hlavných výhod a možností využitia týchto nástrojov v slovenských podmienkach. | ||
| 610 | 2 | 0 | |a manažment |
| 610 | 2 | 0 | |a analytici systémoví |
| 610 | 2 | 0 | |a prostredie ekonomické |
| 610 | 2 | 0 | |a systémy informačné |
| 610 | 2 | 0 | |a systémy informačné organizácií |
| 610 | 2 | 0 | |a výhody konkurenčné |
| 100 | 1 | |a Čarnický, Štefan | |